Sanatanam Arivom (Sanatana Leaks) Part I (Record no. 177052)

MARC details
000 -LEADER
fixed length control field 00382nam a22001697a 4500
005 - DATE AND TIME OF LATEST TRANSACTION
control field 20260323141721.0
020 ## - INTERNATIONAL STANDARD BOOK NUMBER
ISBN 9788197595912
041 ## - LANGUAGE CODE
Language code of text/sound track or separate title English
082 ## - DEWEY DECIMAL CLASSIFICATION NUMBER
Classification number T10 R25 GNA
100 ## - MAIN ENTRY--AUTHOR NAME
Personal name Gnanagurusamy Dhinakara
245 ## - TITLE STATEMENT
Title Sanatanam Arivom (Sanatana Leaks) Part I
250 ## - EDITION STATEMENT
Edition statement 02
260 ## - PUBLICATION, DISTRIBUTION, ETC. (IMPRINT)
Place of publication Chennai
Name of publisher NCBH
Year of publication 2025
300 ## - PHYSICAL DESCRIPTION
Number of Pages 432
365 ## - TRADE PRICE
Price amount 500.00
942 ## - ADDED ENTRY ELEMENTS (KOHA)
Koha item type Books
Holdings
Withdrawn status Lost status Home library Current library Date acquired Cost, normal purchase price Full call number Accession Number Cost, replacement price Department Koha item type
    PSG-CAS LIBRARY PSG-CAS LIBRARY 23/03/2026 500.00 T10 R25 GNA 153155 500.00 Tamil Books

Contact Us:

PSGCAS LIBRARY
Phone: 04224303300
Website: http://www.psgcas.ac.in/ | Email: psgcaslib@gmail.com


You are Visitor Number

web counter